00374nam a2200133Ia 450000500170000000800410001702000180005808200220007610000210009824500470011926000330016630000120019965000290021120250403171100.0231217s9999 xx 000 0 und d a9788131418420 a320.011 PRA;1 R aPrabhakar, M ed. 0aSeparation of powers : global perspectives c2008bICFAI PressaHyderabad avi, 240 aSeparation,powers,global